Name Every Bird - Statistics

General Stats
  • This quiz has been taken 46 times
    19 since last reset
  • The average score is 141 of 1034
Answer Stats
Name % Correct
Crow
87%
Duck
87%
Eagle
87%
Owl
87%
Robin
87%
Goose
80%
Hummingbird
80%
Pigeon
80%
Raven
80%
Swan
80%
Vulture
80%
Crane
73%
Dove
73%
Falcon
73%
Finch
73%
Flamingo
73%
Hawk
73%
Quail
73%
Sparrow
73%
Stork
73%
Woodpecker
73%
Cardinal
67%
Gull
67%
Heron
67%
Ostrich
67%
Peacock
67%
Penguin
67%
Puffin
67%
Toucan
67%
Blackbird
60%
Egret
60%
Emu
60%
Jay
60%
Magpie
60%
Mallard
60%
Parrot
60%
Swallow
60%
Swift
60%
Turkey
60%
Albatross
53%
Bird-of-Paradise
53%
Bunting
53%
Buzzard
53%
Cassowary
53%
Cockatoo
53%
Condor
53%
Cormorant
53%
Cuckoo
53%
Goldfinch
53%
Hoopoe
53%
Ibis
53%
Kingfisher
53%
Kite
53%
Macaw
53%
Parakeet
53%
Plover
53%
Roadrunner
53%
Sandpiper
53%
Thrush
53%
Tit
53%
Wren
53%
Bluebird
47%
Eider
47%
Hornbill
47%
Junglefowl
47%
Kaka
47%
Kakapo
47%
Kiwi
47%
Loon
47%
Osprey
47%
Partridge
47%
Pelican
47%
Petrel
47%
Pheasant
47%
Spoonbill
47%
Warbler
47%
Avocet
40%
Canary
40%
Chickadee
40%
Coot
40%
Frigatebird
40%
Grebe
40%
Grouse
40%
Jackdaw
40%
Lovebird
40%
Nightjar
40%
Oriole
40%
Oystercatcher
40%
Peafowl
40%
Rhea
40%
Sparrowhawk
40%
Starling
40%
Tern
40%
Tinamou
40%
Antpitta
33%
Bittern
33%
Booby
33%
Caracara
33%
Chachalaca
33%
Collared-Dove
33%
Dovekie
33%
Firecrest
33%
Gadwall
33%
Gannet
33%
Goshawk
33%
Greenfinch
33%
Grosbeak
33%
Harrier
33%
Jaeger
33%
Kestrel
33%
Kookaburra
33%
Limpkin
33%
Martin
33%
Merganser
33%
Moorhen
33%
Nighthawk
33%
Nuthatch
33%
Pintail
33%
Pipit
33%
Quetzal
33%
Rail
33%
Redhead
33%
Scoter
33%
Screamer
33%
Sea-Eagle
33%
Secretarybird
33%
Skua
33%
Stilt
33%
Storm-Petrel
33%
Tanager
33%
Teal
33%
Wagtail
33%
Wigeon
33%
Accentor
27%
Anhinga
27%
Ani
27%
Antbird
27%
Bee-eater
27%
Blackcap
27%
Blue-Magpie
27%
Bobwhite
27%
Bulbul
27%
Bullfinch
27%
Chaffinch
27%
Chat
27%
Chiffchaff
27%
Crossbill
27%
Curlew
27%
Dipper
27%
Dowitcher
27%
Dunlin
27%
Fieldfare
27%
Flycatcher
27%
Goldcrest
27%
Guillemot
27%
Kea
27%
Killdeer
27%
Kingbird
27%
Kinglet
27%
Knot
27%
Lark
27%
Merlin
27%
Mockingbird
27%
Murre
27%
Nightingale
27%
Ovenbird
27%
Oxpecker
27%
Phalarope
27%
Pitta
27%
Pochard
27%
Prairie-Chicken
27%
Ptarmigan
27%
Redwing
27%
Scaup
27%
Shearwater
27%
Shelduck
27%
Shoebill
27%
Shoveler
27%
Shrike
27%
Stonechat
27%
Titmouse
27%
Treecreeper
27%
Turtle-Dove
27%
Vireo
27%
Wheatear
27%
Whip-poor-will
27%
Woodcock
27%
Yellowhammer
27%
Amazon
20%
Antshrike
20%
Aracari
20%
Auklet
20%
Bleeding-heart
20%
Bobolink
20%
Budgerigar
20%
Bushtit
20%
Bustard
20%
Buttonquail
20%
Canvasback
20%
Cisticola
20%
Cock-of-the-rock
20%
Dickcissel
20%
Emerald
20%
Fairy
20%
Fish-Eagle
20%
Fulmar
20%
Gallinule
20%
Gnatcatcher
20%
Goldeneye
20%
Ground-Hornbill
20%
Guineafowl
20%
Gyrfalcon
20%
Hoatzin
20%
Hobby
20%
Honeyeater
20%
Ibisbill
20%
Iiwi
20%
Junco
20%
Kittiwake
20%
Lapwing
20%
Linnet
20%
Longspur
20%
Longtail
20%
Lorikeet
20%
Lory
20%
Maleo
20%
Mango
20%
Nutcracker
20%
Oilbird
20%
Owlet
20%
Parrotlet
20%
Parula
20%
Penduline-Tit
20%
Pewee
20%
Razorbill
20%
Redstart
20%
Rockfowl
20%
Roller
20%
Sanderling
20%
Sandgrouse
20%
Scrub-Jay
20%
Seriema
20%
Serin
20%
Siskin
20%
Skimmer
20%
Skylark
20%
Sora
20%
Sunbird
20%
Sunbittern
20%
Thick-knee
20%
Thrasher
20%
Trogon
20%
Turnstone
20%
Tyrant
20%
Umbrellabird
20%
Veery
20%
Verdin
20%
Waterhen
20%
Waxbill
20%
Waxwing
20%
Whimbrel
20%
Whistling-Duck
20%
Willet
20%
Wood-Pigeon
20%
Woodswallow
20%
Yellowlegs
20%
Yellowthroat
20%
Adjutant
13%
Akepa
13%
Amakihi
13%
Ant-Tanager
13%
Ant-Thrush
13%
Antthrush
13%
Avadavat
13%
Babbler
13%
Bananaquit
13%
Barbet
13%
Bateleur
13%
Becard
13%
Bellbird
13%
Bluetail
13%
Bluethroat
13%
Bowerbird
13%
Brant
13%
Bushchat
13%
Bushshrike
13%
Buzzard-Eagle
13%
Cacique
13%
Capercaillie
13%
Catbird
13%
Chat-Tyrant
13%
Chough
13%
Chuck-will's-widow
13%
Chukar
13%
Cinclodes
13%
Cockatiel
13%
Cotinga
13%
Courser
13%
Cowbird
13%
Crab-Plover
13%
Crake
13%
Creeper
13%
Crowned-Pigeon
13%
Cuckooshrike
13%
Curassow
13%
Currawong
13%
Dacnis
13%
Dapple-throat
13%
Darter
13%
Drongo
13%
Dunnock
13%
Eagle-Owl
13%
Eclectus
13%
Fairy-bluebird
13%
Fairywren
13%
Falconet
13%
Fantail
13%
Firetail
13%
Flicker
13%
Flowerpiercer
13%
Flufftail
13%
Francolin
13%
Frogmouth
13%
Fruit-Dove
13%
Galah
13%
Go-away-bird
13%
Golden-Plover
13%
Grassbird
13%
Grassquit
13%
Greenshank
13%
Griffon
13%
Guan
13%
Hawk-Eagle
13%
Honeycreeper
13%
Honeyguide
13%
Hylia
13%
Hypocolius
13%
Inca
13%
Jacana
13%
Jewel-babbler
13%
Kagu
13%
King-Parrot
13%
Leafbird
13%
Leiothrix
13%
Logrunner
13%
Lyrebird
13%
Manakin
13%
Meadowlark
13%
Megapode
13%
Motmot
13%
Mountain-gem
13%
Mousebird
13%
Murrelet
13%
Myna
13%
Noddy
13%
Orangequit
13%
Oropendola
13%
Owlet-nightjar
13%
Painted-Snipe
13%
Paradise-Flycatcher
13%
Paradise-Kingfisher
13%
Parrotbill
13%
Parrotfinch
13%
Pauraque
13%
Peacock-Pheasant
13%
Phainopepla
13%
Phoebe
13%
Poorwill
13%
Pratincole
13%
Pygmy-Goose
13%
Pygmy-Tyrant
13%
Pyrrhuloxia
13%
Quail-Dove
13%
Quail-thrush
13%
Redpoll
13%
Redshank
13%
Reedling
13%
Rifleman
13%
Robin-Chat
13%
Rockjumper
13%
Rock-Pigeon
13%
Rock-Thrush
13%
Rook
13%
Rosy-Finch
13%
Ruby
13%
Rubythroat
13%
Ruff
13%
Saltator
13%
Sapphire
13%
Sapphirewing
13%
Scimitar-Babbler
13%
Scrub-bird
13%
Scrub-Robin
13%
Seedsnipe
13%
Shama
13%
Silky-flycatcher
13%
Silvereye
13%
Sittella
13%
Smew
13%
Snake-Eagle
13%
Snipe
13%
Snowcock
13%
Solitaire
13%
Spadebill
13%
Spatuletail
13%
Spindalis
13%
Spurfowl
13%
Sugarbird
13%
Surfbird
13%
Swamphen
13%
Swiftlet
13%
Sylph
13%
Tapaculo
13%
Tattler
13%
Tody
13%
Tody-Tyrant
13%
Toucanet
13%
Treeswift
13%
Tropicbird
13%
Twite
13%
Vanga
13%
Wallcreeper
13%
Watercock
13%
Waterthrush
13%
Wattlebird
13%
Weaver
13%
Whinchat
13%
Whistler
13%
White-eye
13%
Whitehead
13%
Woodhoopoe
13%
Woodnymph
13%
Wood-Pewee
13%
Wood-Quail
13%
Wrentit
13%
Xenops
13%
Xenopsaris
13%
Yellow-Finch
13%
Yellowhead
13%
Akalat
7%
Akekee
7%
Akiapolaau
7%
Akikiki
7%
Akohekohe
7%
Alauahio
7%
Alethe
7%
Anianiau
7%
Anteater-Chat
7%
Antpipit
7%
Antwren
7%
Apapane
7%
Apostlebird
7%
Argus
7%
Asity
7%
Astrapia
7%
Avocetbill
7%
Awlbill
7%
Babax
7%
Barbtail
7%
Barred-Woodcreeper
7%
Baza
7%
Bean-Goose
7%
Beardless-Tyrannulet
7%
Bernieria
7%
Berrypecker
7%
Besra
7%
Black-Chat
7%
Black-Cockatoo
7%
Black-eye
7%
Blackthroat
7%
Black-Tit
7%
Blossomcrown
7%
Boatbill
7%
Bracken-Warbler
7%
Brilliant
7%
Bristlebill
7%
Bristlebird
7%
Bristlefront
7%
Bristle-Tyrant
7%
Broadbill
7%
Brolga
7%
Bronze-Cuckoo
7%
Bronzewing
7%
Brownbul
7%
Brushfinch
7%
Brushturkey
7%
Brush-Warbler
7%
Bufflehead
7%
Bush-Crow
7%
Bush-Tyrant
7%
Butcherbird
7%
Cacholote
7%
Cactus-Finch
7%
Canastero
7%
Capuchinbird
7%
Cattle-Egret
7%
Chlorophonia
7%
Chlorospingus
7%
Chowchilla
7%
Cochoa
7%
Comet
7%
Conebill
7%
Coquette
7%
Cordonbleu
7%
Corella
7%
Coronet
7%
Coucal
7%
Crag-Martin
7%
Crescentchest
7%
Crowned-Crane
7%
Cuckoo-Dove
7%
Cuckoo-roller
7%
Daggerbill
7%
Dollarbird
7%
Donacobius
7%
Doradito
7%
Dotterel
7%
Drongo-Cuckoo
7%
Elaenia
7%
Elepaio
7%
Emerald-Toucanet
7%
Emutail
7%
Emuwren
7%
Euphonia
7%
Fernwren
7%
Figbird
7%
Fig-Parrot
7%
Fireback
7%
Firefinch
7%
Fish-Owl
7%
Flatbill
7%
Flyrobin
7%
Fody
7%
Foliage-gleaner
7%
Friarbird
7%
Fruitcrow
7%
Fruiteater
7%
Fruit-hunter
7%
Fulvetta
7%
Garganey
7%
Gerygone
7%
Giant-Petrel
7%
Gnateater
7%
Gnatwren
7%
Godwit
7%
Grackle
7%
Grass-Owl
7%
Grasswren
7%
Greenbul
7%
Greenlet
7%
Green-Pigeon
7%
Ground-Finch
7%
Ground-Jay
7%
Ground-Roller
7%
Hamerkop
7%
Hardhead
7%
Hawfinch
7%
Heleia
7%
Helmetcrest
7%
Hemispingus
7%
Hermit
7%
Hillstar
7%
Honeybird
7%
Honey-buzzard
7%
Hornero
7%
House-Martin
7%
Hwamei
7%
Hyliota
7%
Hylocitrea
7%
Imperial-Pigeon
7%
Indigobird
7%
Iora
7%
Island-Thrush
7%
Jacamar
7%
Jacky-winter
7%
Jacobin
7%
Jery
7%
Jewelfront
7%
Kiskadee
7%
Kokako
7%
Lancebill
7%
Laniisoma
7%
Laughingthrush
7%
Longclaw
7%
Madanga
7%
Magpie-Jay
7%
Magpie-lark
7%
Magpie-Robin
7%
Malleefowl
7%
Manakin-Tyrant
7%
Mannikin
7%
Manucode
7%
Melampitta
7%
Metaltail
7%
Miner
7%
Mistletoebird
7%
Monarch
7%
Monjita
7%
Mountaineer
7%
Mountain-Toucan
7%
Mourner
7%
Munia
7%
Myzomela
7%
Nativehen
7%
Negrito
7%
Nicator
7%
Nightingale-Thrush
7%
Nigrita
7%
Nunbird
7%
Nunlet
7%
Nuthatch-Vanga
7%
Odedi
7%
Olive-Greenbul
7%
Olomao
7%
Omao
7%
Openbill
7%
Ouzel
7%
Oxylabes
7%
Palila
7%
Paradigalla
7%
Paradise-crow
7%
Paradise-Whydah
7%
Pardalote
7%
Pardusco
7%
Parotia
7%
Peppershrike
7%
Piculet
7%
Pied-Hornbill
7%
Pilotbird
7%
Pitohui
7%
Plains-wanderer
7%
Plain-Xenops
7%
Plumeleteer
7%
Plushcap
7%
Plushcrown
7%
Potoo
7%
Prinia
7%
Puaiohi
7%
Puffbird
7%
Puffleg
7%
Pygmy-Owl
7%
Pytilia
7%
Quailfinch
7%
Quail-plover
7%
Quelea
7%
Racket-tail
7%
Rail-babbler
7%
Rayadito
7%
Redthroat
7%
Reedhaunter
7%
Reef-Heron
7%
Rhabdornis
7%
Riflebird
7%
Ringneck
7%
Rockwarbler
7%
Rosefinch
7%
Rosella
7%
Sabrewing
7%
Sage-Grouse
7%
Sandpiper-Plover
7%
Sand-Plover
7%
Sapsucker
7%
Scimitarbill
7%
Screech-Owl
7%
Scrubtit
7%
Scrubwren
7%
Scythebill
7%
Seedeater
7%
Shag
7%
Sharpbill
7%
Sheathbill
7%
Shikra
7%
Sholakili
7%
Shortwing
7%
Shrike-Babbler
7%
Shrikethrush
7%
Shrike-tit
7%
Shrike-Tyrant
7%
Shrike-Vireo
7%
Silktail
7%
Silverbill
7%
Snowcap
7%
Softtail
7%
Songlark
7%
Spinebill
7%
Spinetail
7%
Spot-throat
7%
Starfrontlet
7%
Steamer-Duck
7%
Stint
7%
Stipplethroat
7%
Streamertail
7%
Striolated-Puffbird
7%
Sunangel
7%
Sunbeam
7%
Sunbird-Asity
7%
Sungrebe
7%
Tachuri
7%
Tailorbird
7%
Takahe
7%
Thistletail
7%
Thornbill
7%
Thornbird
7%
Thorntail
7%
Thrush-Babbler
7%
Thrush-Tanager
7%
Tiger-Heron
7%
Tit-hylia
7%
Tit-Spinetail
7%
Tit-Tyrant
7%
Tityra
7%
Tody-Flycatcher
7%
Tomtit
7%
Topaz
7%
Towhee
7%
Tragopan
7%
Trainbearer
7%
Treehunter
7%
Treepie
7%
Treerunner
7%
Triller
7%
Trumpeter
7%
Tuftedcheek
7%
Tui
7%
Turaco
7%
Tyrannulet
7%
Tyrant-Manakin
7%
Velvetbreast
7%
Violetear
7%
Water-Tyrant
7%
Wedgebill
7%
Weebill
7%
Weka
7%
Whipbird
7%
Whitethroat
7%
Whydah
7%
Widowbird
7%
Willie-wagtail
7%
Woodcreeper
7%
Wood-Dove
7%
Wood-Owl
7%
Wood-Rail
7%
Woodstar
7%
Wood-Wren
7%
Wren-Babbler
7%
Wrybill
7%
Wryneck
7%
Yuhina
7%
Antpecker
0%
Antvireo
0%
Apalis
0%
Attila
0%
Balicassiao
0%
Bamboo-Partridge
0%
Bamboowren
0%
Banded-Pitta
0%
Barbthroat
0%
Bare-eye
0%
Barwing
0%
Batis
0%
Bay-Owl
0%
Baywing
0%
Bearded-Greenbul
0%
Bentbill
0%
Berryeater
0%
Berryhunter
0%
Bishop
0%
Black-Flycatcher
0%
Blackstart
0%
Black-Tyrant
0%
Bluebill
0%
Bluebonnet
0%
Blue-Fantail
0%
Blue-Pigeon
0%
Bokmakierie
0%
Boobook
0%
Boubou
0%
Brambling
0%
Bristlehead
0%
Brown-Dove
0%
Brubru
0%
Brushrunner
0%
Buffalo-Weaver
0%
Bushbird
0%
Bush-hen
0%
Bushlark
0%
Bush-Quail
0%
Bush-Robin
0%
Calyptura
0%
Camaroptera
0%
Canary-Flycatcher
0%
Carib
0%
Casiornis
0%
Cave-Chat
0%
Chanting-Goshawk
0%
Chat-Tanager
0%
Chatterer
0%
Chilia
0%
Cicadabird
0%
Citril
0%
Cliff-Chat
0%
Coleto
0%
Coua
0%
Crested-Tinamou
0%
Crimsonwing
0%
Crocias
0%
Crombec
0%
Cuckoo-Hawk
0%
Cupwing
0%
Cutia
0%
Cut-throat
0%
Diucon
0%
Diving-Petrel
0%
Dwarf-Kingfisher
0%
Eared-Nightjar
0%
Eared-Pheasant
0%
Earthcreeper
0%
Elachura
0%
Eremomela
0%
Erpornis
0%
Fairy-Fantail
0%
Fernbird
0%
Fieldwren
0%
Finchbill
0%
Finfoot
0%
Firecrown
0%
Fire-eye
0%
Firethroat
0%
Firewood-gatherer
0%
Fiscal
0%
Fishing-Owl
0%
Flameback
0%
Flamecrest
0%
Florican
0%
Flowerpecker
0%
Flycatcher-shrike
0%
Flycatcher-Thrush
0%
Forest-Falcon
0%
Forest-Flycatcher
0%
Forktail
0%
Gallito
0%
Geomalia
0%
Giant-Honeyeater
0%
Gibberchat
0%
Golden-Bulbul
0%
Goldenface
0%
Goldentail
0%
Goldenthroat
0%
Golden-Weaver
0%
Gonolek
0%
Grandala
0%
Grass-Finch
0%
Grass-Warbler
0%
Graveteiro
0%
Graytail
0%
Green-Magpie
0%
Grenadier
0%
Grosbeak-Canary
0%
Groundcreeper
0%
Ground-Cuckoo
0%
Ground-Pigeon
0%
Ground-Robin
0%
Ground-Sparrow
0%
Ground-Thrush
0%
Ground-Tyrant
0%
Ground-Warbler
0%
Guaiabero
0%
Hanging-Parrot
0%
Harrier-Hawk
0%
Hawk-Cuckoo
0%
Heathwren
0%
Helmetshrike
0%
Hookbill
0%
Hoopoe-Lark
0%
Houbara
0%
Huet-huet
0%
Ibon
0%
Ifrita
0%
Illadopsis
0%
Inca-Finch
0%
Jabiru
0%
Jayshrike
0%
Koel
0%
Leaf-love
0%
Leaftosser
0%
Liocichla
0%
Lizard-Cuckoo
0%
Locustfinch
0%
Longbill
0%
Lophorina
0%
Malia
0%
Malimbe
0%
Malkoha
0%
Mao
0%
Marshbird
0%
Masked-Owl
0%
Masked-Weaver
0%
Melidectes
0%
Mesia
0%
Mesite
0%
Millerbird
0%
Minivet
0%
Minla
0%
Monal
0%
Monal-Partridge
0%
Monklet
0%
Morepork
0%
Morningbird
0%
Morning-Thrush
0%
Mountain-Babbler
0%
Mountain-Pigeon
0%
Mouse-Warbler
0%
Myza
0%
Myzornis
0%
Needletail
0%
Newtonia
0%
Niltava
0%
Nothura
0%
Oliveback
0%
Palmchat
0%
Palmcreeper
0%
Palm-Crow
0%
Palm-Tanager
0%
Palm-Thrush
0%
Pampa-Finch
0%
Parisoma
0%
Peltops
0%
Philentoma
0%
Piapiac
0%
Pied-Babbler
0%
Pied-Fantail
0%
Piedtail
0%
Piha
0%
Pinktail
0%
Piping-Guan
0%
Pipipi
0%
Piprites
0%
Plantain-eater
0%
Plantcutter
0%
Ploughbill
0%
Plovercrest
0%
Plumed-Warbler
0%
Pond-Heron
0%
Prickletail
0%
Prion
0%
Puffback
0%
Purpletuft
0%
Pygmy-Babbler
0%
Pygmy-Parrot
0%
Racquet-tail
0%
Recurvebill
0%
Red-Cotinga
0%
Rockfinch
0%
Rockrunner
0%
Rufous-Warbler
0%
Rushbird
0%
Saddleback
0%
Sapayoa
0%
Satinbird
0%
Sawwing
0%
Schiffornis
0%
Scops-Owl
0%
Scrub-Flycatcher
0%
Scrub-Tyrant
0%
Seedcracker
0%
Seed-Finch
0%
Serpent-Eagle
0%
Sheartail
0%
Shining-Parrot
0%
Short-tail
0%
Shrikebill
0%
Shrike-flycatcher
0%
Shrike-Tanager
0%
Sibia
0%
Sicklebill
0%
Silverbird
0%
Silvery-Kingfisher
0%
Sirystes
0%
Slaty-Antshrike
0%
Slaty-Flycatcher
0%
Snowfinch
0%
Social-Weaver
0%
Sooty-Woodpecker
0%
Sparrow-Lark
0%
Sparrow-Weaver
0%
Speirops
0%
Spiderhunter
0%
Spinifexbird
0%
Starthroat
0%
Stitchbird
0%
Straightbill
0%
Streaked-Antwren
0%
Streamcreeper
0%
Striped-Babbler
0%
Stubtail
0%
Sungem
0%
Tchagra
0%
Tesia
0%
Tetraka
0%
Thamnornis
0%
Thicketbird
0%
Thicket-Fantail
0%
Tiger-Parrot
0%
Tinkerbird
0%
Tit-Babbler
0%
Tit-Flycatcher
0%
Tit-Warbler
0%
Torrent-lark
0%
Tree-Finch
0%
Trembler
0%
Troupial
0%
Turca
0%
Twinspot
0%
Twistwing
0%
Visorbearer
0%
Wagtail-Tyrant
0%
Warbler-Finch
0%
Warbling-Antbird
0%
Wattled-Honeyeater
0%
Wattle-eye
0%
Whistling-Thrush
0%
Whiteface
0%
Whitetip
0%
Wiretail
0%
Woodhaunter
0%
Woodland-Warbler
0%
Wood-Partridge
0%
Woodshrike
0%
Wren-Spinetail
0%
Wrenthrush
0%
Wren-Warbler
0%
Yellowbrow
0%
Yellownape
0%
Yellow-Warbler
0%
No matching quizzes found
Score Distribution
Percent of People with Each Score
Percentile by Number Answered
Your Score History
You have not taken this quiz since the last reset